Представление документа в формате RUSMARC

ПолеНазваниеЗначение
  Тип записи a
  Библиографический уровень m
001 Контрольный номер cae1483e46bc427b8e345a210d5bcc6e
005 Дата корректировки 20201206204440.8
010 Индекс ISBN __
d Цена 0-60
101 Язык документа __
a Язык текста rus
200 Заглавие и сведения об ответственности __
a Заглавие О моей жизни, книгах и читателях
f Первые сведения об ответственности В. Ф. Панова
b Общее обозначение материала Текст
210 Выходные данные __
a Место издания Л.
c Издательство Лениздат
d Дата издания 1975
215 Физическое описание __
a Объем 344 с.
606 Тематические рубрики __
a Основная рубрика Художественная литература
y Географическая подрубрика Россия
606 Тематические рубрики __
a Основная рубрика Русская литература XX в. (произведения)
610 Ключевые слова __
a Ключевые слова романы; писатели; повести; писатели; прозаики; проза
686 Индексы других классификаций __
a Классификационный индекс 84(2Рос=Рус)6-4
700 Автор __
a Фамилия Панова
b Имя В. Ф.
4 Код отношения 070
801 Источник записи _0
a Страна RU
b Организация Муниципальное бюджетное учреждение культуры "Централизованная библиотечная система" г. Сургут (Центральная городская библиотека им. А. С. Пушкина)
g Правила каталогизации КиК/Елгина
801 Источник записи _1
a Страна RU
b Организация Муниципальное бюджетное учреждение культуры "Централизованная библиотечная система" г. Сургут (Центральная городская библиотека им. А. С. Пушкина)
g Правила каталогизации КиК/Елгина
852 Данные о местонахождении __
j Шифр хранения 84(2Рос=Рус)6-4
i Авторский знак П 16
p Инвентарный номер 39087(с)
901 Тип документа __
t Тип документа m
903 Характеристики (МАРС) __
a Дата передачи 20061220
990 Данные о заказе (DOS) __
j Количество экземпляров (DOS) 1
t N записи в КСУ для И/У (DOS) ретро